000 00689cam a2200169 i 4500
005 20260129112848.0
008 250721s2003 jo gr 000 0 ara d
082 1 4 _a370.15
_bي و س
100 1 _aنمر، عصام يوسف
_eمؤلف.
245 1 0 _aالمختصر في علم النفس التربوي /
_cتأليف د. عصام نمر يوسف ؛ تقديم الاستاذ الدكتور حسن بن عايل احمد محيي.
250 _aالطبعة الأولى.
264 3 1 _aعمان :
_bدار الفكر للنشر و التوزيع،
_c2003.
300 _a205 صفحة.
650 1 7 _aعلم النفس التربوي.
942 _2ddc
_cBK
999 _c89916
_d89916